Medicina shamanismo y botánica / (Registro nro. 2279)

Detalles MARC
000 -CABECERA
Campo de control 01293nam a2200397 a 4500
005 - FECHA Y HORA DE LA ULTIMA TRANSACCION
Campo de control 20191224041630.0
008 - ELEMENTOS DE LONGITUD FIJA—INFORMACION GENERAL
Campo de control 140305s1983 ck fr|||| 00| 0 spa d
040 ## - FUENTE DE CATALOGACIÓN
Agencia catalogadora original CO-BoIAVH
Agencia transcriptora CO-BoIAVH
041 0# - IDIOMA
Código de idioma para texto/pista de sonido o título separado Español
044 ## - PAÍS DE PUBLICACIÓN
País de publicación Colombia
082 04 - NUMERO DE CLASIFICACION DECIMAL DEWEY
Número de clasificación 581.634
Número del ítem A66m
100 1# - ASIENTO PRINCIPAL--NOMBRE PERSONAL
Nombre personal Arbeláez, Camilo
9 (RLIN) 15300
245 10 - MENCION DE TITULO
Título Medicina shamanismo y botánica /
Mención de responsabilidad Fundación Comunidades Colombianas
260 ## - PUBLICACION, DISTRIBUCION, ETC. (PIE DE IMPRENTA)
Lugar de publicación, distribución, etc. Bogotá :
Nombre del editor, distribuidor, etc. Fundación Comunidades Colombianas,
Fecha de publicación, distribución, etc. 1983.
300 ## - DESCRIPCION FISICA
Extensión 156 páginas ;
Dimensiones 24 x 17 cm.
650 26 - ASIENTO SECUNDARIO DE MATERIA - TERMINO TEMATICO
Término temático o nombre geográfico como elemento de entrada Etnobotánica
9 (RLIN) 57658
650 26 - ASIENTO SECUNDARIO DE MATERIA - TERMINO TEMATICO
Término temático o nombre geográfico como elemento de entrada Plantas medicinales
9 (RLIN) 57659
650 26 - ASIENTO SECUNDARIO DE MATERIA - TERMINO TEMATICO
Término temático o nombre geográfico como elemento de entrada Medicina
9 (RLIN) 57660
650 16 - ASIENTO SECUNDARIO DE MATERIA - TERMINO TEMATICO
Término temático o nombre geográfico como elemento de entrada Conocimiento tradicional
9 (RLIN) 92244
650 26 - ASIENTO SECUNDARIO DE MATERIA - TERMINO TEMATICO
Término temático o nombre geográfico como elemento de entrada Comunidades indígenas
9 (RLIN) 57662
662 ## - ASIENTO SECUNDARIO DE MATERIA - JERARQUIA DEL NOMBRE DE LUGAR(
País o entidad mayor Colombia
700 1# - ASIENTO SECUNDARIO - NOMBRE PERSONAL
Nombre personal Triana, Adolfo
9 (RLIN) 15305
700 1# - ASIENTO SECUNDARIO - NOMBRE PERSONAL
Nombre personal Méndez, Cesar
9 (RLIN) 15306
700 1# - ASIENTO SECUNDARIO - NOMBRE PERSONAL
Nombre personal Zambrano, Francisco
9 (RLIN) 15307
700 1# - ASIENTO SECUNDARIO - NOMBRE PERSONAL
Nombre personal Friedemann de, Nina S.
9 (RLIN) 15308
700 1# - ASIENTO SECUNDARIO - NOMBRE PERSONAL
Nombre personal García Barriga, Hernando
9 (RLIN) 12170
700 1# - ASIENTO SECUNDARIO - NOMBRE PERSONAL
Nombre personal Herrera, Xochilt
9 (RLIN) 15309
700 1# - ASIENTO SECUNDARIO - NOMBRE PERSONAL
Nombre personal Lobo Guerrero, Miguel
9 (RLIN) 15310
700 1# - ASIENTO SECUNDARIO - NOMBRE PERSONAL
Nombre personal Hildebrand, Martín
9 (RLIN) 15311
700 1# - ASIENTO SECUNDARIO - NOMBRE PERSONAL
Nombre personal Jimeno, Myriam
9 (RLIN) 6946
700 1# - ASIENTO SECUNDARIO - NOMBRE PERSONAL
Nombre personal Oyuela, Heriberto
9 (RLIN) 15312
700 1# - ASIENTO SECUNDARIO - NOMBRE PERSONAL
Nombre personal Reichel Dolmatoff, Gerardo
9 (RLIN) 12920
700 1# - ASIENTO SECUNDARIO - NOMBRE PERSONAL
Nombre personal Riveros, Miguel
9 (RLIN) 15313
700 1# - ASIENTO SECUNDARIO - NOMBRE PERSONAL
Nombre personal Palomares, Germán
9 (RLIN) 15314
942 ## - ELEMENTOS ADICIONALES (KOHA)
Tipo de ítem Libro
Sistema de clasificación Dewey Decimal Classification
Existencias
Withdrawn status Lost status Sistema de Clasificación Damaged status No para préstamo Colección Inventariado Ubicación Permanente Ubicación actual Fecha de adquisición Fuente de Valor Total Checkouts Número topográfico Inventario / Código de Barras Date last seen Ejemplar Price effective from Tipo de material
    Dewey Decimal Classification     General Inventariado 2017 Bogotá Bogotá 11/05/2001 Instituto   LB-581.634 A66m 002845 04/12/2012 Ej. 1 04/12/2012 Libro